Information technology project management : (Record no. 129405)

MARC details
000 -LEADER
fixed length control field 00784nam a22002297a 4500
005 - DATE AND TIME OF LATEST TRANSACTION
control field 20170124110055.0
010 ## - LIBRARY OF CONGRESS CONTROL NUMBER
LC control number B-227927
020 ## - INTERNATIONAL STANDARD BOOK NUMBER
Terms of availability 425.00
International Standard Book Number 9788120332430
035 ## - SYSTEM CONTROL NUMBER
System control number B-227927
037 ## - SOURCE OF ACQUISITION
Source of stock number/acquisition Cen Lib/Ret
040 ## - CATALOGING SOURCE
Original cataloging agency DPL
Language of cataloging EN
082 ## - DEWEY DECIMAL CLASSIFICATION NUMBER
Classification number 658.403811
Item number KEL
100 ## - MAIN ENTRY--PERSONAL NAME
Personal name Kelkar, S.A.
9 (RLIN) 26274
245 ## - TITLE STATEMENT
Title Information technology project management :
Statement of responsibility, etc by S. A. Kelkar
Remainder of title a concise study /
250 ## - EDITION STATEMENT
Edition statement 2nd ed.
260 ## - PUBLICATION, DISTRIBUTION, ETC. (IMPRINT)
Name of publisher, distributor, etc Prentice Hall Of India Private Limited
Place of publication, distribution, etc New Delhi
Date of publication, distribution, etc 2007
270 ## - ADDRESS
Address M-97, Connaught Circus
City New Delhi
Postal code 110001
300 ## - PHYSICAL DESCRIPTION
Extent xi,784p. :
Dimensions 24cm(pbk)
Other physical details ill.
650 ## - SUBJECT ADDED ENTRY--TOPICAL TERM
Topical term or geographic name as entry element Project management -- Computer network resources
9 (RLIN) 26275
650 ## - SUBJECT ADDED ENTRY--TOPICAL TERM
Topical term or geographic name as entry element Information technology -- Management
9 (RLIN) 104045
942 ## - ADDED ENTRY ELEMENTS (KOHA)
Source of classification or shelving scheme Dewey Decimal Classification
Koha item type English Books
Classification part 658.403811
Call number suffix KEL
Holdings
Withdrawn status Lost status Damaged status Not for loan Home library Current library Date acquired Source of acquisition Cost, normal purchase price Total Checkouts Full call number Barcode Date last seen Copy number Cost, replacement price Price effective from Koha item type
        Central Library Central Library 06/07/2015 Cen Lib/Ret 425.00   658.403811 KEL B-227927 06/07/2015 1 425.00 06/07/2015 English Books

© Delhi Public Library
Hit Counter
free hit counter